Prefix Click Quiz: G - Statistics

General Stats
  • This quiz has been taken 161 times
  • The average score is 12 of 15
Answer Stats
Hint Answer % Correct
Ice Glaci-
94%
Thanks Grat-
93%
Write Graph-
91%
Stomach Gastr-
89%
Earth Geo-
88%
Woman Gyn-
87%
Sphere Glob-
83%
Sweet Glyc-
79%
Sword Gladi-
76%
Heavy Grav-
75%
Old Ger-
69%
Marriage Gam-
63%
Taste Gust-
63%
Leg Gamb-
59%
Grey Glauc-
45%
No matching quizzes found
Score Distribution
Percent of People with Each Score
Percentile by Number Answered
Your Score History
You have not taken this quiz